AlphaDream Games - Statistics

General Stats
  • This quiz has been taken 9 times
  • The average score is 7 of 13
Answer Stats
Year Game % Correct
2003 Mario & Luigi: Superstar Saga
100%
2017 Mario & Luigi: Superstar Saga + Bowser's Minions
100%
2009 Mario & Luigi: Bowser's Inside Story
88%
2019 Mario & Luigi: Bowser's Inside Story + Bowser Jr.'s Journey
88%
2013 Mario & Luigi: Dream Team
88%
2015 Mario & Luigi: Paper Jam
88%
2005 Mario & Luigi: Partners in Time
88%
2019 Mario and Sonic at the Olympic Games Tokyo 2020
25%
2002 Tomato Adventure
25%
2004 Hamtaro: Ham-Ham Games
13%
2003 Hamtaro: Rainbow Rescue
13%
2007 Hi Hamtaro! Ham-Ham Training
13%
2009 PostPet DS
13%
No matching quizzes found
Score Distribution
Percent of People with Each Score
Percentile by Number Answered
Your Score History
You have not taken this quiz